Bài giảng bệnh học ngoại khoa; T3

Αποθηκεύτηκε σε:
Λεπτομέρειες βιβλιογραφικής εγγραφής
Κύριος συγγραφέας: Trường Đại học Y Dược Tp. HCM. Bộ môn ngoại tổng quát
Μορφή: Βιβλίο
Γλώσσα:Undetermined
Έκδοση: Tp. HCM Trường Đại học Y Dược Tp. HCM 1987
Θέματα:
Ετικέτες: Προσθήκη ετικέτας
Δεν υπάρχουν, Καταχωρήστε ετικέτα πρώτοι!
Thư viện lưu trữ: Trung tâm Học liệu Trường Đại học Cần Thơ
LEADER 00639nam a2200169Ia 4500
001 CTU_11852
008 210402s9999 xx 000 0 und d
082 |a 617.07 
082 |b B450/T3 
100 |a Trường Đại học Y Dược Tp. HCM. Bộ môn ngoại tổng quát 
245 0 |a Bài giảng bệnh học ngoại khoa; T3 
245 0 |c Trường Đại học Y Dược Tp. HCM. Bộ môn ngoại tổng quát 
260 |a Tp. HCM 
260 |b Trường Đại học Y Dược Tp. HCM 
260 |c 1987 
650 |a pathology, surgical 
980 |a Trung tâm Học liệu Trường Đại học Cần Thơ